Statistics for James Blunt - Goodbye My Lover Lyrics

Click here to take the quiz!

General Stats

  • This quiz has been taken 109 times
  • The average score is 27 of 51

Answer Stats

Goodbye My Lover% Correct
Goodbye my {friend}.
94%
Goodbye my {friend}.
94%
Goodbye my {friend}.
94%
You have been the {one}.
93%
You have been the {one}.
93%
You have been the {one}.
93%
Cause I saw the {end} before we'd begun,
91%
You have been the {one for me}.
91%
You have been the {one for me}.
91%
You have been the {one for me}.
91%
Did I {disappoint} you or let you down?
88%
Shared your dreams and shared your {bed}.
84%
You touched {my heart} you touched my soul.
83%
I {cannot} live without you.
81%
Took your {soul} out into the night.
80%
I've been {addicted} to you.
79%
Should I be feeling guilty or let the {judges} frown?
79%
I'd be the {father of your child}.
76%
I'd spend a {lifetime} with you.
76%
I know you {well}, I know your smell.
76%
I am a {dreamer} and when I wake,
75%
My heart was {blinded} by you.
75%
Yes I saw you were {blinded} and I knew I had won.
75%
And I still hold your hand in {mine}.
74%
In {mine} when I'm asleep.
74%
I've watched you {sleeping} for a while.
73%
You can't break my spirit - it's {my dreams} you take.
69%
I'm so, I'm so, I'm so {hollow}.
68%
I'm so, I'm so, I'm so {hollow}.
68%
You changed my life and {all my goals}.
68%
I know your {fears} and you know mine.
65%
So I took what's mine by {eternal} right.
65%
It may be over but it won't {stop there},
61%
And {love is blind} and that I knew when,
51%
Goodbye my lover.
8%
Goodbye my lover.
8%
Goodbye my lover.
8%
And I love you, I swear that's true.
4%
And I will bare my soul in time,
4%
We've had our doubts but now we're fine,
4%
When I'm kneeling at your feet.
4%
And as you move on, remember me,
3%
I am here for you if you'd only care.
3%
I'm so {hollow}, baby, I'm so {hollow}.
3%
I'm so {hollow}, baby, I'm so {hollow}.
3%
I've kissed your lips and held your hand.
3%
I've seen you cry, I've seen you smile.
3%
Remember us and all we used to be
3%
[x2]
1%
[x2]
1%
[x2]
1%

Score Distribution

Percentile by Number Answered

Percent of People with Each Score

Your Score History

You have not taken this quiz